| 000 | 01273nam a2200145Ia 4500 | ||
|---|---|---|---|
| 005 | 20260209120132.0 | ||
| 008 | 260209s9999||||xx |||||||||||||| ||und|| | ||
| 100 | _aMahesh Menon | ||
| 245 | 0 | _aLessons from plachimada for water law : who should own the groundwater | |
| 260 |
_aBangaloreBangalore _bNLSIU _c2013 |
||
| 300 | _a84 p. ; 25 cm. | ||
| 505 | _aTABLE OF CONTENTS Certificate II; Declaration III; Acknowledgements IV; Index of Abbreviations VI; Summary IX; Research Methodology Xli; Chapter One: What Happened at Plachimada & Plachimadas in the making. 1; A. The Story of Plachimada 1; B. Plachimadas in the Making 9; Chapter Two: The Common Law & Regulation of Groundwater 17; A. The English Rule and American Rules. 17; B. The Public Trust Approach to Groundwater 24; C. The Common Law in India and Attempts at Reform 30; Chapter Three: The Regulation of Groundwater: International approaches 38; A. The Lessons from International Experience 56; Chapter 4: Reconceptualising the Ground Water Law for India 58; A. The Case for Decentralization 58; B. Strategies for India 61; Chapter 5: Conclusions 70; Bibliography 73. | ||
| 700 | _aProf. (Dr.) M K Ramesh - GuideProf. (Dr.) M K Ramesh - Guide | ||
| 856 | _uhttps://dans.nls.ac.in/handle/123456789/1866 | ||
| 999 |
_c217076 _d217076 |
||